Top 10 Newcastle United Premier League Most Assists - Statistics

General Stats
  • This quiz has been taken 174 times
    42 since last reset
  • The average score is 6 of 10
Answer Stats
Player Assists % Correct
Alan Shearer 38
100%
Nolberto Solano 54
62%
Peter Beardsley 36
59%
Bruno Guimarães 25
53%
Kieron Dyer 25
53%
Laurent Robert 36
53%
Shola Ameobi 26
50%
Jacob Murphy 30
47%
Kieran Trippier 21
44%
Rob Lee 28
44%
No matching quizzes found
Score Distribution
Percent of People with Each Score
Percentile by Number Answered
Your Score History
You have not taken this quiz since the last reset